The Earth Summit : (Record no. 114065)

MARC details
000 -LEADER
fixed length control field 01173cam a2200277 a 4500
008 - FIXED-LENGTH DATA ELEMENTS--GENERAL INFORMATION
fixed length control field
020 ## - INTERNATIONAL STANDARD BOOK NUMBER
International Standard Book Number 1881294935 (pbk.)
049 ## - LOCAL HOLDINGS (OCLC)
Holding library MAIN
090 ## - LOCALLY ASSIGNED LC-TYPE CALL NUMBER (OCLC); LOCAL CALL NUMBER (RLIN)
Classification number (OCLC) (R) ; Classification number, CALL (RLIN) (NR) GE1
003 - CONTROL NUMBER IDENTIFIER
control field
005 - DATE AND TIME OF LATEST TRANSACTION
control field 20230120203929.0
040 ## - CATALOGING SOURCE
Transcribing agency NUST
100 1# - MAIN ENTRY--PERSONAL NAME
Personal name Rogers, Adam.
245 14 - TITLE STATEMENT
Title The Earth Summit :
Remainder of title a planetary reckoning /
Statement of responsibility, etc. Adam Rogers witha forewordby Noel Brown and an afterwood by DR.David Suzuki
260 ## - PUBLICATION, DISTRIBUTION, ETC.
Place of publication, distribution, etc. Los Angeles, CA :
Name of publisher, distributor, etc. Global View Press,
Date of publication, distribution, etc. c1993.
300 ## - PHYSICAL DESCRIPTION
Extent 351 p. :
Other physical details ill. ;
Dimensions 23 cm.
500 ## - GENERAL NOTE
General note Report on and analysis of the United Nations Conference on Environment and Development held in 1992 in Rio de Janeiro.
504 ## - BIBLIOGRAPHY, ETC. NOTE
Bibliography, etc. note Includes bibliographical references.
500 ## - GENERAL NOTE
General note Includes index.
611 20 - SUBJECT ADDED ENTRY--MEETING NAME
Meeting name or jurisdiction name as entry element United Nations Conference on Environment and Development
Date of meeting or treaty signing (1992 :
Location of meeting Rio de Janeiro, Brazil)
650 #0 - SUBJECT ADDED ENTRY--TOPICAL TERM
Topical term or geographic name entry element Environmental policy
General subdivision International cooperation
-- Congresses.
650 #0 - SUBJECT ADDED ENTRY--TOPICAL TERM
Topical term or geographic name entry element Environmental law, International
General subdivision Congresses.
711 2# - ADDED ENTRY--MEETING NAME
Meeting name or jurisdiction name as entry element United Nations Conference on Environment and Development
Date of meeting or treaty signing (1992 :
Location of meeting Rio de Janeiro, Brazil)
907 ## - LOCAL DATA ELEMENT G, LDG (RLIN)
a .b10201312
b 06-12-07
c 08-05-06
942 ## - ADDED ENTRY ELEMENTS (KOHA)
Koha item type Ordinary Loan Books
Call number prefix GE1
Holdings
Date last seen Total Checkouts Full call number Barcode Cost, replacement price Price effective from Koha item type Lost status Source of classification or shelving scheme Damaged status Not for loan Collection Withdrawn status Home library Current library Shelving location Date acquired Cost, normal purchase price
01/20/2023 32 GE1 ROG 92003035599 80.00 01/20/2023 BOOKS   LCC     NFIC   Medical Medical GEN 01/20/2023 80.00